[Event "BCF-ch 86th"]
[Site "Scarborough"]
[Date "1999.08.04"]
[Round "4"]
[White "Baburin, Alexander"]
[Black "Cobb, James"]
[Result "1-0"]
[WhiteElo "2593"]
[BlackElo "2349"]

1.d4 d5 2.c4 Nc6 3.cxd5 Qxd5 4.e3 e5 5.Nc3 Bb4 6.Bd2 Bxc3 7.Bxc3 exd4 8.Ne2 Bg4
9.f3 Bxf3 10.gxf3 Qxf3 11.Nxd4 Qxh1 12.Nxc6 bxc6 13.Bxg7 Qxh2 14.Qg4 Rd8
15.Rd1 Rxd1+ 16.Kxd1 Qd6+ 17.Qd4 f6 18.Bxh8 Ke7 19.Bd3 Qxd4 20.exd4 h5 21.Ke2 Nh6
22.Bg6 h4 23.Bg7 Nf7 24.Bxf7 Kxf7 25.Bh6 Ke6 26.Bf4 Kd5 27.Kd3 a5 28.Bxc7 a4
29.Bd8 h3 30.Bc7 Ke6 31.Ke4 f5+ 32.Kd3 Kd5 33.Bf4 c5 34.dxc5 Kxc5 35.Ke3 Kc4
36.Kf3 Kd3 37.Be5 Kc2 38.Kg3  1-0

[Event "MK Cafe Cup-B"]
[Site "Koszalin"]
[Date "1999.08.08"]
[Round "6"]
[White "Michalski, Olaf"]
[Black "Kolesnik, Eduard"]
[Result "0-1"]
[WhiteElo "2331"]
[BlackElo "2393"]

1.d4 d5 2.c4 Nc6 3.Nf3 Bg4 4.cxd5 Bxf3 5.gxf3 Qxd5 6.e3 e5 7.Nc3 Bb4 8.Bd2 Bxc3
9.bxc3 Qd6 10.Qb3 Rb8 11.d5 Nce7 12.c4 c6 13.e4 Nf6 14.Bb4 c5 15.Bc3 O-O
16.Qb2 Ng6 17.Rg1 Rfe8 18.O-O-O Nh5 19.Kb1 Nhf4 20.Ka1 Re7 21.Qa3 b6 22.Qb2 Rd8
23.Qd2 Qf6 24.Rg4 h5 25.Rg3 Qh4 26.h3 Qf6 27.Qe3 Ne6 28.Bd3 Nd4 29.Rdg1 Rd6
30.Bxd4 cxd4 31.Qg5 h4 32.Rg4 Qxf3 33.Qd2 Rf6 34.Be2 Qxh3 35.f3 Rf4 36.Qb4 Rxg4
37.Rxg4 Qh1+ 38.Kb2 Qh2 39.Rxg6 Qxe2+ 40.Kb3 Qd3+ 41.Ka4 fxg6  0-1

[Event "MK Cafe Cup-B"]
[Site "Koszalin"]
[Date "1999.08.11"]
[Round "8"]
[White "Korobov, Anton"]
[Black "Cappon, John"]
[Result "1-0"]
[WhiteElo "2336"]
[BlackElo "2176"]

1.d4 d5 2.c4 Nc6 3.Nc3 dxc4 4.d5 Ne5 5.Bf4 Ng6 6.Bg3 e5 7.e4 Bd6 8.Bxc4 a6
9.Nf3 Nf6 10.Qb3 b5 11.Bd3 Nh5 12.O-O-O Nhf4 13.Ne1 O-O 14.f3 Bd7 15.Bxf4 Nxf4
16.g3 Nxd3+ 17.Nxd3 a5 18.Nxb5 Rb8 19.a4 Bxb5 20.axb5 Qd7 21.f4 Rfe8 22.f5 Rxb5
23.Qc4 Reb8 24.g4 Rb3 25.Kc2 R8b5 26.Ra1 h6 27.h4 Rxb2+ 28.Nxb2 Rc5 29.Qxc5 Bxc5
30.Rxa5 Bb6 31.Ra8+ Kh7 32.Na4 Qb5 33.Nc3 Qc4 34.Ra4 Qc5 35.g5 Qe3 36.Rd1 Bd4
37.Rd3 Qf2+ 38.Kb3 Qxh4 39.Rc4 hxg5 40.Rxc7 g4 41.Rxf7 Kg8 42.Rb7 g3 43.f6 Qxf6
44.Rxg3 g5 45.d6 Qxd6 46.Rxg5+ Kf8 47.Nd5 Qh6 48.Rf5+  1-0

[Event "Baunatal op 5th"]
[Site "Baunatal"]
[Date "1999.08.12"]
[Round "1"]
[White "Engel, Markus"]
[Black "Schausten, Peter"]
[Result "1/2-1/2"]
[WhiteElo "1388"]
[BlackElo "1917"]

1.d4 d5 2.c4 Nc6 3.Nc3 dxc4 4.Nf3 Bg4 5.e3 e5 6.d5 Nce7 7.e4 Ng6 8.Be2 Bd6
9.Qa4+ Bd7 10.Qxc4 Nf6 11.b4 O-O 12.O-O Qe7 13.a3 h6 14.h3 Nh7 15.Nh2 Ng5
16.Qd3 f5 17.Bxg5 Qxg5 18.Nf3 Qe7 19.Nd2 Nf4 20.Qe3 Nxe2+ 21.Qxe2 f4 22.Nb5 g5
23.Nxd6 cxd6 24.Qh5 Kh7 25.Rfc1 Be8 26.Qe2 Bg6  1/2-1/2

[Event "FRA-ch qual"]
[Site "Bescanon"]
[Date "1999.08.18"]
[Round "1"]
[White "Pira, Davoud"]
[Black "Dubois, Loic"]
[Result "1-0"]
[WhiteElo "2397"]
[BlackElo "2205"]

1.d4 d5 2.c4 Nc6 3.e3 e5 4.dxe5 d4 5.a3 a5 6.Nf3 Bc5 7.exd4 Bxd4 8.Be2 Be6
9.O-O Nge7 10.Qa4 O-O 11.Rd1 Qe8 12.Qb5 Bd7 13.Qb3 a4 14.Qc2 Bf5 15.Bd3 Bxd3
16.Rxd3 Bxe5 17.Nc3 Bxc3 18.Rxc3 Ng6 19.Bd2 Qd7 20.Re1 Rfe8 21.Rxe8+ Rxe8
22.Qxa4 Re2 23.Qd1 Nf4 24.Rc1 Rxd2 25.Nxd2 Nd4 26.Nf1 Nfe2+ 27.Kh1 Qf5 28.Ng3 Qg5
29.Nxe2 Nxe2 30.Rc2 Nf4 31.g3 Ne6 32.Qd5 Qg4 33.Rd2 c6 34.Qd8+ Nf8 35.Qd3 h5
36.Qe2 Qg5 37.h4 Qc5 38.b4 Qf5 39.Rd8  1-0

[Event "FRA-ch (Women)"]
[Site "Bescanon"]
[Date "1999.08.19"]
[Round "2"]
[White "Nicoara Etchegaray, Malina"]
[Black "Dubois, Martine"]
[Result "1-0"]
[WhiteElo "2247"]
[BlackElo "2012"]

1.d4 d5 2.c4 Nc6 3.Nc3 dxc4 4.e3 e5 5.d5 Na5 6.Qa4+ c6 7.dxc6 Nxc6 8.Bxc4 Bd6
9.Nf3 Nf6 10.a3 O-O 11.Qc2 Bg4 12.Ng5 Bh5 13.Bd3 Bg6 14.Bxg6 hxg6 15.h4 Re8
16.h5 e4 17.hxg6 Ne5 18.gxf7+ Nxf7 19.Nxf7 Kxf7 20.Qb3+ Kg6 21.Bd2 b5 22.Nxb5 Rb8
23.Qc4 Rh8 24.Rxh8 Qxh8 25.Nxd6 Qh1+ 26.Qf1 Qh4 27.O-O-O Nd5 28.Qc4 Nf6 29.g3 Qh8
30.Qf7+ Kg5 31.Bc3  1-0

[Event "Abu Dhabi Masters op"]
[Site "Abu Dhabi"]
[Date "1999.08.21"]
[Round "1"]
[White "Roeder, Mathias"]
[Black "Othman, Rabeea"]
[Result "0-1"]
[WhiteElo "2426"]
[BlackElo "2095"]

1.d4 d5 2.c4 Nc6 3.g3 e5 4.dxe5 Bb4+ 5.Bd2 dxc4 6.Nf3 Bg4 7.Qa4 Bxf3 8.exf3 Bxd2+
9.Nxd2 Qd5 10.O-O-O b5 11.Bxc4 Qxc4+ 12.Qxc4 bxc4 13.Nxc4 Rd8 14.Rxd8+ Kxd8
15.Rd1+ Kc8 16.f4 Nge7 17.Ne3 Rd8 18.Rxd8+ Kxd8 19.Kd2 Kd7 20.a3 Ke6 21.Kd3 Nd5
22.Ke4 Nxe3 23.fxe3 Na5 24.Kd4 Nb3+ 25.Kc3 Nc5 26.Kd4 Nd7 27.b4 c6 28.e4 g5
29.h3 h5 30.h4 gxf4 31.gxf4 Nb6 32.Kc5 Kd7 33.f5 Na4+ 34.Kd4 Nb2 35.e6+ fxe6
36.Ke5 Nc4+ 37.Kf6 exf5 38.exf5 Nxa3 39.Kg6 Nc4 40.Kxh5 c5 41.bxc5 a5 42.f6 Ne5
43.Kg5 a4 44.Kf5 a3 45.Kxe5 a2 46.c6+ Kxc6 47.f7 a1=Q+ 48.Ke6 Qa3  0-1

[Event "FRA-ch (Women)"]
[Site "Bescanon"]
[Date "1999.08.22"]
[Round "5"]
[White "Dacalor, Aurelie"]
[Black "Franc, Nathalie"]
[Result "1-0"]
[WhiteElo "2131"]
[BlackElo "2085"]

1.d4 d5 2.c4 Nc6 3.e3 e5 4.dxe5 d4 5.exd4 Qxd4 6.Qxd4 Nxd4 7.Bd3 Ne7 8.Nc3 Be6
9.Bf4 O-O-O 10.O-O-O Nec6 11.b3 Ba3+ 12.Kb1 Nb4 13.Be4 Rd7 14.Nge2 Nbc6 15.Nxd4 Nxd4
16.Be3 Rhd8 17.Nd5 Nc6 18.Bg5 Re8 19.f4 h6 20.Bh4 Bc5 21.h3 Nd4 22.b4 Bxd5
23.cxd5 Bb6 24.a4 Ne2 25.Bf5 Nc3+ 26.Kc2 Nxd1 27.Rxd1 g6 28.Bxd7+ Kxd7 29.Kd3 a6
30.g4 g5 31.Bg3 Ke7 32.f5 Rd8 33.Kc4 Be3 34.Rd3 Ba7 35.Rd1 Bb6 36.d6+ cxd6
37.exd6+ Kd7 38.Kd5 Re8 39.Re1 Be3 40.Be5 Bd2 41.Rb1 Rc8 42.b5 a5 43.Rb2 Bb4
44.Rb1 Rc2 45.Rd1 Rc5+ 46.Ke4 Rc4+ 47.Rd4 Rc1 48.Bg7 Bc3 49.Rc4 Re1+ 50.Kd5 Bxg7
51.Rc7+ Ke8 52.Rxb7 Rd1+ 53.Kc6 Rc1+ 54.Kb6 Rc4 55.Re7+ Kd8 56.Rxf7 Bc3 57.Rc7 Bd4+
58.Kxa5 Rxc7 59.dxc7+ Kxc7 60.Ka6  1-0

[Event "ESP-ch"]
[Site "Palencia"]
[Date "1999.08.25"]
[Round "7"]
[White "Garcia Vicente, Nieves"]
[Black "Insua Mellado, Jose Luis"]
[Result "1/2-1/2"]
[WhiteElo "2234"]
[BlackElo "2170"]

1.d4 d5 2.c4 Nc6 3.Nc3 e5 4.cxd5 Nxd4 5.e3 Nf5 6.Nf3 Bd6 7.e4 Nfe7 8.Bb5+ c6
9.dxc6 Nxc6 10.O-O Ne7 11.Qd3 Bg4 12.h3 Bh5 13.g4 Bg6 14.Rd1 Bc7 15.Qxd8+ Rxd8
16.Rxd8+ Kxd8 17.Be3 f6  1/2-1/2

[Event "Polanica Zdroj op"]
[Site "Polanica Zdroj"]
[Date "1999.08.25"]
[Round "9"]
[White "Cyborowski, Lukasz"]
[Black "Prihotko, Alexander"]
[Result "1-0"]
[WhiteElo "2424"]
[BlackElo "2258"]

1.d4 d5 2.c4 Nc6 3.e3 e5 4.dxe5 dxc4 5.Qxd8+ Kxd8 6.Nf3 Bg4 7.Bxc4 Bxf3 8.gxf3 Nxe5
9.Be2 g6 10.Bd2 Ne7 11.Bc3 f6 12.Nd2 Nd7 13.Bc4 Bg7 14.O-O-O Ke8 15.Ne4 Rd8
16.Ng5  1-0

[Event "CRO-chT"]
[Site "Pula"]
[Date "1999.09.10"]
[Round "2"]
[White "Lalic, Bogdan"]
[Black "Ljubicic, Filip"]
[Result "1/2-1/2"]
[WhiteElo "2550"]
[BlackElo "2370"]

1.d4 d5 2.c4 Nc6 3.cxd5 Qxd5 4.e3 e5 5.Nc3 Bb4 6.Bd2 Bxc3 7.Bxc3 exd4 8.Ne2 Nge7
9.Nxd4 Nxd4 10.Qxd4 Qxd4 11.Bxd4 O-O 12.Bc4 Be6 13.Bxe6 fxe6 14.Ke2 Nd5 15.Rhd1 Rfd8
16.Be5 c6 17.e4 Nf6 18.f3 Kf7 19.g4 Ne8 20.f4 Rxd1 21.Rxd1 Ke7 22.Rd3 Rd8
23.Ra3 a6 24.Rh3 h6 25.g5 hxg5 26.fxg5 Kf7 27.Rf3+ Kg6 28.Rf8 Kxg5 29.Bxg7 Rd7
30.Be5 Nd6 31.Rg8+ Kh5 32.Bxd6 Rxd6 33.Ke3 c5 34.Rg2 e5 35.Rg7 b6 36.Re7 Kg4
37.h3+ Kxh3 38.Rxe5 Kg4 39.Re8 Kg5 40.e5 Rd5 41.Re6 b5 42.Rxa6 Rxe5+ 43.Kd3 Kf4
44.Rf6+ Rf5 45.Rb6 Rd5+ 46.Kc3 c4 47.b3 Ke4 48.bxc4 Rd3+ 49.Kb4 bxc4 50.Rc6 c3
51.a4 Rd4+ 52.Kb3 Rd1 53.Rxc3 Kd5  1/2-1/2

[Event "Artek olJ"]
[Site "Artek"]
[Date "1999.09.15"]
[Round "5"]
[White "Kozak, L."]
[Black "Gao Lu"]
[Result "0-1"]
[WhiteElo "2155"]
[BlackElo "2221"]

1.d4 d5 2.c4 Nc6 3.Nc3 dxc4 4.d5 Ne5 5.f4 Ng6 6.e4 e5 7.f5 Nf4 8.Nf3 Qf6
9.Qc2 Nd3+ 10.Bxd3 cxd3 11.Qxd3 a6 12.Be3 Qd6 13.O-O f6 14.Rad1 b6 15.Qe2 Nh6
16.Nd2 Nf7 17.Nc4 Qd7 18.Kh1 Nd6 19.a4 Nxc4 20.Qxc4 Rb8 21.b4 Bd6 22.Qe2 Qe7
23.b5 a5 24.Qf2 Bd7 25.g4 Kd8 26.g5 Kc8 27.Rg1 Be8  0-1

[Event "CRO-chT"]
[Site "Pula"]
[Date "1999.09.17"]
[Round "8"]
[White "Viland, Boris"]
[Black "Dusper, Hrvoje"]
[Result "1-0"]
[WhiteElo "2202"]
[BlackElo "2232"]

1.d4 d5 2.c4 Nc6 3.cxd5 Qxd5 4.e3 e5 5.Nc3 Bb4 6.a3 Bxc3+ 7.bxc3 exd4 8.cxd4 Nge7
9.Nf3 O-O 10.Be2 Bf5 11.O-O Na5 12.Qa4 Nec6 13.Nd2 a6 14.Bb2 b5 15.Qd1 Nc4
16.Nxc4 bxc4 17.Bc3 Qb5 18.f3 a5 19.e4 Bc8 20.Rb1 Qg5 21.Qc1 Qxc1 22.Rfxc1 Ba6
23.d5 Ne7 24.Bxa5 Rfc8 25.Be1 c6 26.d6 Ng6 27.Bg3 f6 28.a4 Ne5 29.Bxe5 fxe5
30.Bxc4+ Bxc4 31.Rxc4 Ra7 32.Rb6 Kf7 33.Rbxc6 Rxc6 34.Rxc6 Rxa4 35.Rc5 Ke6
36.Rd5 Ra7 37.Kf2 Rd7 38.h4 Rxd6 39.Rxd6+ Kxd6 40.Ke3  1-0

[Event "Artek olJ"]
[Site "Artek"]
[Date "1999.09.19"]
[Round "8"]
[White "Zhigalko, A."]
[Black "Sepman, Yelius"]
[Result "1-0"]
[WhiteElo "2256"]
[BlackElo "2225"]

1.d4 d5 2.c4 Nc6 3.Nc3 dxc4 4.Nf3 Nf6 5.e4 Bg4 6.Be3 e6 7.Bxc4 Bb4 8.Qc2 O-O
9.Rd1 Qe7 10.Be2 Rad8 11.O-O h6 12.Na4 Nb8 13.a3 Ba5 14.b4 Bb6 15.Rfe1 c6
16.Nxb6 axb6 17.Ne5 Bxe2 18.Rxe2 Nbd7 19.Nc4 b5 20.Na5 Nb8 21.f3 Qc7 22.Rc1 Nbd7
23.g3 Ra8 24.Kg2 Nb6 25.Qb3 Rfd8 26.g4 Nh7 27.h4 Nf8 28.h5 Rd7 29.Rd2 Qd8
30.Rcd1 Nc4 31.Nxc4 bxc4 32.Qxc4 Rxa3 33.Rd3 Qa8 34.Bf2 Qa4 35.Rxa3 Qxa3
36.b5 cxb5 37.Qxb5 Qa2 38.d5 exd5 39.exd5 Qa6 40.Qb4 Nh7 41.Rc1 Rd8 42.Rc7 Qd3
43.Qe4 Qxe4 44.fxe4 Ng5 45.Bh4 b5 46.Bxg5 hxg5 47.Rb7 f6 48.Rxb5 Rd7 49.Kf3 Kf7
50.Ke3 Ke7 51.Kd4 Ra7 52.Rb4 Rc7 53.e5 fxe5+ 54.Kxe5 Ra7 55.Rb8 Kf7 56.Rb5 Rd7
57.d6 Ra7 58.Rc5 Ra1 59.Rc7+ Ke8 60.Rxg7 Re1+ 61.Kf6  1-0

[Event "Najdorf mem op"]
[Site "Buenos Aires"]
[Date "1999.09.23"]
[Round "3"]
[White "Julia, Ernesto"]
[Black "Soppe, Guillermo"]
[Result "1/2-1/2"]
[WhiteElo "2374"]
[BlackElo "2448"]

1.d4 d5 2.c4 Nc6 3.Nc3 dxc4 4.d5 Ne5 5.Nf3 Nxf3+ 6.exf3 e5 7.Bxc4 Bd6 8.O-O Ne7
9.Qa4+ Bd7 10.Qb3 b6 11.f4 O-O 12.fxe5 Bxe5 13.Bg5 Kh8 14.d6 Bxd6 15.Bxf7 Be8
16.Be6 Bc6 17.Nb5 Bxb5 18.Qxb5 Bxh2+ 19.Kxh2 Qd6+ 20.f4 Qxe6 21.Rfe1 Qd5
22.Qa4 Ng6 23.Rad1 Qf5 24.g3 h6 25.Be7 b5 26.Qb3 Rfe8 27.Bb4 Rxe1 28.Rxe1 Rd8
29.Bc3 Qh5+ 30.Kg2 Qg4 31.Kh2 Qh5+ 32.Kg2 Rd5 33.Qb4 Rf5 34.Re8+ Kh7 35.Qe4 Qg4
36.Kh2 Rh5+  1/2-1/2

[Event "Najdorf mem op"]
[Site "Buenos Aires"]
[Date "1999.09.23"]
[Round "3"]
[White "Rubinetti, Jorge A"]
[Black "Mendez, Ernesto"]
[Result "1-0"]
[WhiteElo "2432"]
[BlackElo "2410"]

1.d4 d5 2.c4 Nc6 3.e3 e5 4.dxe5 d4 5.a3 dxe3 6.Qxd8+ Kxd8 7.Bxe3 Nxe5 8.Nf3 Nxf3+
9.gxf3 Be6 10.Nc3 a6 11.O-O-O+ Ke8 12.Nd5 Rc8 13.c5 Ne7 14.Nxe7 Bxe7 15.c6 b5
16.a4 Rb8 17.axb5 axb5 18.Bd3 Bd6 19.Rhg1 g6 20.h4 f6 21.f4 Kf7 22.h5 f5
23.Be2 Bc4 24.Bf3 Ra8 25.Kc2 Rhg8 26.Rh1 g5 27.fxg5 f4 28.g6+ hxg6 29.hxg6+ Kxg6
30.Bd4 Kf5 31.Rde1 Rae8 32.Rh5+ Kg6 33.Rg1+ Kf7 34.Rh7+ Kf8 35.Bg7+ Ke7 36.Bg4 Rxg7
37.Rxg7+ Kf6 38.Bh5 Rh8 39.R7g6+ Ke5 40.R6g5+ Kf6 41.b3 Bf7 42.Bxf7 Kxf7
43.Rxb5 Rh2 44.Rf1 Kf6 45.Kd3 Rh3+ 46.f3 Rh2 47.Rd5 Ke6 48.Rd4 Be5 49.Re1 Kf6
50.Rd5 Bb2 51.Re2  1-0

[Event "Budapest FS10 GM"]
[Site "Budapest"]
[Date "1999.10.07"]
[Round "6"]
[White "Bu Xiangzhi"]
[Black "Fogarasi, Tibor"]
[Result "1-0"]
[WhiteElo "2465"]
[BlackElo "2420"]

1.d4 d5 2.c4 Nc6 3.Nf3 Bg4 4.e3 e6 5.Nc3 a6 6.a3 Nf6 7.h3 Bh5 8.Be2 Bd6 9.b3 O-O
10.O-O b6 11.Bb2 dxc4 12.bxc4 Re8 13.Qa4 Ne7 14.Rfd1 b5 15.Qc2 bxc4 16.e4 Bf4
17.g3 Bxf3 18.Bxf3 Bh6 19.d5 e5 20.Na2 Nc8 21.Qxc4 Nd6 22.Qc2 a5 23.Nc1 Nd7
24.a4 g6 25.Nb3 f5 26.Bc3 Nf6 27.Nc5 fxe4 28.Bg2 e3 29.Ne6 exf2+ 30.Qxf2 Qe7
31.Bxe5 Nd7 32.Bc3 c5 33.dxc6 Qxe6 34.cxd7 Be3 35.dxe8=Q+ Rxe8 36.Bd5 Bxf2+
37.Kxf2 Ne4+ 38.Kg2 Nxc3 39.Bxe6+ Rxe6 40.Rd3 Re2+ 41.Kf3 Rc2 42.Rd8+  1-0

[Event "Chigorin mem"]
[Site "St Petersburg"]
[Date "1999.11.02"]
[Round "1"]
[White "Shalimov, Valery"]
[Black "Sepman, Yelius"]
[Result "1/2-1/2"]
[WhiteElo "2423"]
[BlackElo "2225"]

1.d4 d5 2.c4 Nc6 3.Nf3 Bg4 4.cxd5 Bxf3 5.gxf3 Qxd5 6.e3 e5 7.Nc3 Bb4 8.Bd2 Bxc3
9.bxc3 Nf6 10.c4 Qd6 11.d5 Ne7 12.Rb1 b6 13.Bh3 c6 14.Bb4 c5 15.Bc3 O-O 16.Rg1 Ng6
17.Qc2 Rfe8 18.Rg3 Nh4 19.Ke2 Nh5 20.Rg4 Ng6 21.Rg5 Nhf4+ 22.exf4 Nxf4+ 23.Kf1 Qh6
24.Qf5 Qxh3+ 25.Qxh3 Nxh3 26.Rxe5 f6 27.Re3 Kf7 28.a4 Rab8 29.Bd2 g5 30.Reb3 Rbc8
31.a5 bxa5 32.Ra1 Re7 33.Rxa5 h5 34.Rba3 Ra8 35.Rxc5 Rb8 36.d6 Rb1+ 37.Kg2 g4
38.fxg4 hxg4 39.Rxh3 gxh3+ 40.Kxh3 Rd7 41.Bf4 Ke6 42.Rc8 Rb3+ 43.Kg2 Rc3
44.c5 Kd5 45.Be3 Rxd6 46.cxd6 Rxc8 47.Bxa7 Kxd6 48.Kf3 Ke5 49.Be3 Kf5 50.Bd4 Ra8
51.Be3 Rh8 52.Bf4 Rh4 53.Bd6 Rc4 54.Kg3 Rc3+ 55.f3 Rc8 56.Kg2 Kg5 57.Kg3 Rc4
58.Be7 Kf5 59.Bd6 Ra4 60.Bc7 Ra7 61.Bd6 Rd7 62.Bb8 Kg5 63.Bf4+ Kf5 64.Bb8 Rg7+
65.Kf2 Kg5 66.Kg3 Rg8 67.Bc7 Rc8 68.Bf4+ Kf5 69.Bd6 Rc6 70.Bb8 Rc4 71.Bd6 Rd4
72.Bc5 Rd8 73.Be3 Rc8 74.Kf2 Ke5 75.Bd2 Kd4 76.Bf4  1/2-1/2

[Event "Chigorin mem"]
[Site "St Petersburg"]
[Date "1999.11.04"]
[Round "3"]
[White "Zakharevich, Igor"]
[Black "Sepman, Yelius"]
[Result "0-1"]
[WhiteElo "2523"]
[BlackElo "2225"]

1.d4 d5 2.c4 Nc6 3.cxd5 Qxd5 4.e3 e5 5.Nc3 Bb4 6.Bd2 Bxc3 7.Bxc3 exd4 8.Ne2 Nf6
9.Nxd4 O-O 10.Nb5 Qg5 11.h4 Qg6 12.h5 Qg5 13.h6 Bg4 14.Qc2 Bf5 15.Qa4 Ng4
16.Rh3 Rfe8 17.Rg3 Rad8 18.Be2 Re4 19.Qxe4 Bxe4 20.Rxg4 Qe7 21.Rxg7+ Kf8
22.Bc4 Bg6 23.Bxf7 Bxf7 24.Rxh7 Qh4 25.Nd4 Rxd4 26.Rh8+ Ke7 27.exd4 Qh1+
28.Kd2 Qxa1 29.d5 Qxa2 30.dxc6 Qd5+ 31.Kc1 Qg5+  0-1

[Event "Chigorin mem"]
[Site "St Petersburg"]
[Date "1999.11.06"]
[Round "5"]
[White "Eljanov, Pavel"]
[Black "Sepman, Yelius"]
[Result "1-0"]
[WhiteElo "2447"]
[BlackElo "2225"]

1.d4 d5 2.c4 Nc6 3.Nc3 Nf6 4.cxd5 Nxd5 5.e4 Nxc3 6.bxc3 e5 7.Nf3 exd4 8.cxd4 Bg4
9.d5 Bb4+ 10.Bd2 Bxf3 11.gxf3 Bxd2+ 12.Qxd2 Qf6 13.Rc1 Ne5 14.Qe3 Nxf3+ 15.Ke2 Ne5
16.f4 Ng4 17.Qg3 Qb2+ 18.Kf3 h5 19.Be2 Rh6 20.Qe1 Rf6 21.Qc3 Qb6 22.Qc5 O-O-O
23.h3 Ne5+ 24.Ke3 Ng6 25.Qxb6 axb6 26.Rhf1 Nh4 27.Bxh5 Ng2+ 28.Kf3 Nh4+ 29.Kg3 Rh6
30.Bxf7 Ng6 31.e5 Ne7 32.f5 Nxd5 33.Rfd1 Ne3 34.Be6+ Rxe6 35.Rxd8+ Kxd8 36.fxe6 Nd5
37.Kg4 Ke7 38.Kf5 c6 39.Rg1 Kf8 40.e7+ Nxe7+ 41.Ke6 Nd5 42.Kd7 c5 43.Rf1+  1-0

[Event "FSIM November"]
[Site "Budapest HUN"]
[Date "1999.11.08"]
[Round "3"]
[White "Cooke,E"]
[Black "Antal,Ge"]
[Result "0-1"]
[WhiteElo "2250"]
[BlackElo "2308"]

1.d4 d5 2.c4 Nc6 3.cxd5 Qxd5 4.e3 e5 5.Nc3 Bb4 6.a3 Bxc3+ 7.bxc3 Nf6 8.Nf3 Bg4
9.h3 Bxf3 10.gxf3 exd4 11.cxd4 O-O 12.Be2 Qg5 13.Kf1 Qd5 14.Bb2 Qd6 15.Qd2 Rad8
16.h4 Nd5 17.h5 Qh6 18.Rd1 Rfe8 19.f4 Nce7 20.Qc2 Nxe3+ 21.fxe3 Nd5 22.Rd3 Rxe3
23.Ke1 Qxf4 24.Rxe3 Nxe3 25.Qd3 c5 26.Rh3 Ng2+ 27.Kd1 cxd4 28.Rf3 Qh4 29.Qd2 Ne3+
30.Kc1 Qh1+ 31.Bd1 Rc8+ 32.Kb1 Nxd1  0-1

[Event "FSIM November"]
[Site "Budapest HUN"]
[Date "1999.11.10"]
[Round "5"]
[White "Hardicsay,P"]
[Black "Antal,Ge"]
[Result "1/2-1/2"]
[WhiteElo "2304"]
[BlackElo "2308"]

1.d4 d5 2.c4 Nc6 3.cxd5 Qxd5 4.e3 e5 5.Nc3 Bb4 6.Bd2 Bxc3 7.Bxc3 exd4 8.Ne2 Bg4
9.f3 Be6 10.Nxd4 O-O-O 11.Qa4 Nge7 12.Kf2 Bd7 13.Nxc6 Nxc6 14.Rd1 Qc5 15.Bb5 Rhe8
16.Rhe1 a6 17.Bxc6 Bxc6 18.Rxd8+ Rxd8 19.Qg4+ Kb8 20.Qxg7 Qf5 21.Bd4 Qc2+
22.Kg1 Qd2 23.Qg3 f5 24.Qf2 Qa5 25.a3 f4 26.Bc3 Qg5 27.h4 Qh6 28.exf4 Qxf4
29.Be5 Qf7 30.Kh2 Rg8 31.Bg3 Rd8 32.Re5 Rd7 33.Qe3 b6 34.Qc3 Kb7 35.Re1 Qd5
36.Qe5  1/2-1/2

[Event "Chigorin mem"]
[Site "St Petersburg"]
[Date "1999.11.10"]
[Round "9"]
[White "Romanov, Oleg"]
[Black "Chupin, Vitalij"]
[Result "1-0"]
[WhiteElo "2381"]
[BlackElo "2216"]

1.d4 d5 2.c4 Nc6 3.Nf3 Bg4 4.Nc3 e6 5.e3 Nf6 6.Be2 Be7 7.h3 Bh5 8.O-O O-O
9.Ne5 Bxe2 10.Qxe2 Nxe5 11.dxe5 Ne4 12.Rd1 Nxc3 13.bxc3 c6 14.cxd5 cxd5 15.c4 Qa5
16.cxd5 exd5 17.Rb1 b6 18.Rb5 Qa6 19.Rdxd5 Rac8 20.Qb2 Qa4 21.Rb3 Qc4 22.Rd1 Rfd8
23.Rxd8+ Rxd8 24.Rc3 Qe4 25.Rc7 Ba3 26.Qb3 Qxe5 27.Qxf7+ Kh8 28.Rd7 Rf8 29.Bxa3 Qa1+
30.Kh2 Qe5+ 31.f4  1-0

[Event "ch-ESP (team) Div 2"]
[Site "Cala Galdana ESP"]
[Date "1999.11.12"]
[Round "5"]
[White "Pons Sastre,S"]
[Black "Rojo Gomez,J"]
[Result "1/2-1/2"]
[WhiteElo "2330"]
[BlackElo "2291"]

1.d4 d5 2.c4 Nc6 3.cxd5 Qxd5 4.e3 e5 5.Nc3 Bb4 6.Bd2 Bxc3 7.Bxc3 exd4 8.Ne2 Nge7
9.Nxd4 Nxd4 10.Qxd4 Qxd4 11.Bxd4 f6 12.Be2 Nc6 13.Bc3 Be6 14.O-O O-O-O  1/2-1/2

[Event "ESP-chT Div 1"]
[Site "Cala Galdana"]
[Date "1999.11.12"]
[Round "5"]
[White "Gual Pascual, Antonio"]
[Black "Pomes Marcet, Juan"]
[Result "1-0"]
[WhiteElo "2433"]
[BlackElo "2393"]

1.d4 d5 2.c4 Nc6 3.Nc3 e5 4.cxd5 Nxd4 5.e3 Nf5 6.Nf3 Bd6 7.Bb5+ Kf8 8.O-O g6
9.e4 Ng7 10.Ne1 g5 11.Be2 a6 12.Nd3 h6 13.b4 Qf6 14.Bg4 Bxg4 15.Qxg4 Qg6
16.Qe2 Re8 17.f3 f5 18.Kh1 Nf6 19.Nc5 a5 20.Nxb7 Bxb4 21.Nb5 Rb8 22.a3 Rxb7
23.axb4 Qe8 24.Rxa5 f4 25.d6 c6 26.Nc7 Qd7 27.Bb2  1-0

[Event "Belgian Interteams 1999-2000"]
[Site "Antwerp BEL"]
[Date "1999.11.??"]
[Round "4"]
[White "Krijgelmans,J"]
[Black "Van der Burch,A"]
[Result "1/2-1/2"]
[WhiteElo "2270"]
[BlackElo "2275"]

1.d4 d5 2.c4 Nc6 3.Nf3 Bg4 4.cxd5 Bxf3 5.dxc6 Bxc6 6.Nc3 e6 7.e4 Bb4 8.f3 Qh4+
9.g3 Qh5 10.Bg2 O-O-O 11.Be3 Bc5 12.f4 Qxd1+ 13.Rxd1 Bb4 14.d5 exd5 15.exd5 Bd7
16.O-O Nf6  1/2-1/2

[Event "Belgian Interteams 1999-2000"]
[Site "Antwerp BEL"]
[Date "1999.11.??"]
[Round "5"]
[White "Vanderstricht,G"]
[Black "Van der Burch,A"]
[Result "1-0"]
[WhiteElo "2347"]
[BlackElo "2275"]

1.d4 d5 2.c4 Nc6 3.Nc3 e5 4.cxd5 Nxd4 5.e3 Nf5 6.Nf3 Bd6 7.e4 Nfe7 8.Be2 Nf6
9.O-O O-O 10.Qd3 Ng6 11.Rd1 Nh5 12.g3 Bg4 13.Be3 Qd7 14.Nd2 Nhf4 15.gxf4 exf4
16.Bd4 f3 17.Bxf3 Nf4 18.Qe3 Nh3+ 19.Kh1 Bf4 20.Qe2 h5 21.Nc4 Ng5 22.Bxg4 hxg4
23.Be5 Nh3 24.Bxf4 Nxf4 25.Qe3 Nh3 26.Ne5 Qe7 27.Nxg4 Qh4 28.Qg3 Qxg4 29.Rd2 Qxg3
30.hxg3 Ng5 31.f4 Nh7 32.e5 Rfd8 33.Ne4 Nf8 34.Rc1 Rac8 35.Kg2 b6 36.b4 Nd7
37.Rdc2  1-0

[Event "Eu Team Ch (women)"]
[Site "Batumi GEO"]
[Date "1999.12.05"]
[Round "6"]
[White "Zhukova,N"]
[Black "Botsari,A"]
[Result "1/2-1/2"]
[WhiteElo "2462"]
[BlackElo "2309"]

1.d4 d5 2.c4 Nc6 3.cxd5 Qxd5 4.e3 e5 5.Nc3 Bb4 6.Bd2 Bxc3 7.Bxc3 exd4 8.Ne2 Nf6
9.Nxd4 O-O 10.Nb5 Qg5 11.h4 Qg6 12.h5 Qg5 13.h6 Bg4 14.Qc2 g6 15.Bc4 Bf5
16.f4 Qg3+ 17.Qf2 Ne4 18.Qxg3 Nxg3 19.Rh2 Rac8 20.Bg7 Rfe8 21.Kf2 Ne4+ 22.Kg1 a6
23.Na3 Rcd8 24.Be2 Ng3 25.Bf3 Be4 26.Nc4 Rd3 27.Rh3 Bxf3 28.Rxg3 Bd5 29.Ne5 Nxe5
30.Bxe5 c5 31.Rc1 b6 32.a3 Re6 33.Bc3 f5  1/2-1/2

[Event "Open"]
[Site "Zadar CRO"]
[Date "1999.12.17"]
[Round "7"]
[White "Sitnik,I"]
[Black "Guid,M"]
[Result "1-0"]
[WhiteElo "2332"]
[BlackElo "2185"]

1.d4 d5 2.c4 Nc6 3.Nc3 dxc4 4.Nf3 Bg4 5.d5 Bxf3 6.gxf3 Ne5 7.Qd4 Nd7 8.e4 Nb6
9.a4 f6 10.Be3 a5 11.f4 Nh6 12.Bh3 g6 13.Be6 Ra6 14.Nb5 Nf7 15.Qc5 Na8 16.Qxc4 Nd6
17.Nxd6+ Qxd6 18.Qb5+ c6 19.Qxb7 Qb4+ 20.Qxb4 axb4 21.Bc8 Ra5 22.dxc6 e5
23.fxe5 fxe5 24.b3 Bc5 25.Bd7+ Ke7 26.Ke2 Nb6 27.Rhd1  1-0

[Event "Young Masters"]
[Site "Groningen NED"]
[Date "1999.12.19"]
[Round "1"]
[White "Lehmann,Ho"]
[Black "Fette,M"]
[Result "1/2-1/2"]
[WhiteElo "2164"]
[BlackElo "2342"]

1.d4 d5 2.c4 Nc6 3.Nf3 Bg4 4.cxd5 Bxf3 5.dxc6 Bxc6 6.Nc3 e6 7.e4 Bb4 8.f3 Qh4+
9.g3 Qf6 10.Be3 O-O-O 11.Bg2 Ba5 12.Qd2 Qe7 13.O-O-O Nf6 14.Qc2 Bb6 15.Na4 Bxa4
16.Qxa4 Rd7 17.Kb1 Rhd8 18.Rd3 Kb8 19.Rhd1 e5 20.Qc4 exd4  1/2-1/2

[Event "Weihnachtsopen"]
[Site "Zurich SUI"]
[Date "1999.12.28"]
[Round "4"]
[White "Ramseier,Ja"]
[Black "Manievich,V"]
[Result "1-0"]
[WhiteElo "2169"]
[BlackElo "2230"]

1.d4 d5 2.c4 Nc6 3.e3 Nf6 4.Nc3 a6 5.Nf3 Bg4 6.cxd5 Nxd5 7.Bc4 e6 8.O-O Be7
9.h3 Bh5 10.Bxd5 exd5 11.Qb3 Bxf3 12.gxf3 Qd7 13.Kg2 Rd8 14.Qxb7 h5 15.Qxa6 Rh6
16.Qe2 g5 17.Rh1 Kf8 18.Bd2 Kg7 19.Rag1 Re6 20.Qd3 Rg6 21.Ne2 h4 22.Bc3 Kh6
23.Kf1 f5 24.f4 g4 25.hxg4 fxg4 26.f5 Rgg8 27.Nf4 Bf6 28.Ng6 Rxg6 29.fxg6 Rg8
30.e4 Rxg6 31.e5 Bd8 32.Rg2 Qe6 33.Rhg1 h3 34.Rxg4  1-0

[Event "Agneaux St Lo op"]
[Site "Agneaux"]
[Date "1999.??.??"]
[Round "1"]
[White "Le Roch, Daniel"]
[Black "Popescu, Daniel Dorin"]
[Result "0-1"]
[WhiteElo "1700"]
[BlackElo "2365"]

1.d4 d5 2.c4 Nc6 3.cxd5 Qxd5 4.Nf3 e5 5.Nc3 Bb4 6.Bd2 Bxc3 7.Bxc3 e4 8.Ne5 e3
9.Nxc6 exf2+ 10.Kxf2 Qxc6 11.e3 Nf6 12.Qf3 Ne4+ 13.Kg1 O-O 14.Bd3 f5 15.h4 Be6
16.h5 h6 17.Rh4 Bd5 18.Bxe4 Bxe4 19.Qg3 Rf7 20.Rc1 Re8 21.Bd2 Qb5 22.Bc3 Bd5
23.a3 Qd3 24.Re1 Rfe7 25.Kf2 Rf7 26.Rf4 Qc2+ 27.Re2 Qd1 28.Qg6 Re6 29.Qg3 Kh7
30.Qh3 Qd3 31.Qh1 g5 32.hxg6+ Rxg6 33.Kf1  0-1

[Event "Athens op"]
[Site "Athens"]
[Date "1999.??.??"]
[Round "8"]
[White "Flear, Glenn C"]
[Black "Miladinovic, Igor"]
[Result "0-1"]
[WhiteElo "2484"]
[BlackElo "2501"]

1.d4 d5 2.c4 Nc6 3.cxd5 Qxd5 4.e3 e5 5.Nc3 Bb4 6.Bd2 Bxc3 7.Bxc3 exd4 8.Ne2 Nf6
9.Nxd4 O-O 10.Nb5 Qg5 11.Nxc7 Bg4 12.Qb3 Rad8 13.h3 Bc8 14.Qb5 Qg6 15.Bxf6 gxf6
16.Rc1 Qe4 17.Bc4 Qxg2 18.Bd5 Qg6 19.Ke2 Kh8 20.Rhg1 Qh6 21.Bxc6 bxc6 22.Qxc6 Qh5+
23.Ke1 Qe5 24.Rg3 Rg8 25.Rxg8+ Rxg8 26.Nd5 Be6 27.Nc3 Bxh3 28.Qd5 Bg2 29.Qxe5 fxe5
30.Ke2 h5 31.f3 h4 32.Ne4 h3 33.Kf2 h2 34.Ng3 Rxg3 35.Kxg3 h1=Q 36.Rxh1+ Bxh1
37.b4 Kg7 38.a4 Kf6 39.b5 Ke6 40.a5 Kd6  0-1